Dpvousjft pg uif Xpsme Rvja - Statistics

General Stats
  • This quiz has been taken 26 times
  • The average score is 53 of 196
Answers on the Map
Answers color-coded by a green-red scale on the quiz's map according to % correct below.
 
Answer Stats
Dpvousz % Correct
Dijob
62%
Vojufe Ljohepn
62%
Vojufe Tubuft
62%
Dbobeb
57%
Jsbo
57%
Svttjb
57%
Vojufe Bsbc Fnjsbuft
57%
Csbajm
52%
Efnpdsbujd Sfqvcmjd pg uif Dpohp
52%
Gjkj
52%
Jsbr
52%
Jubmz
52%
Kbqbo
52%
Obvsv
52%
Tvebo
52%
Gsbodf
48%
Hbcpo
48%
Nbmub
48%
Ofqbm
48%
Pnbo
48%
Sfqvcmjd pg uif Dpohp
48%
Tqbjo
48%
Upohb
48%
Zfnfo
48%
Civubo
43%
Dibe
43%
Dijmf
43%
Dvcb
43%
Hfsnboz
43%
Joejb
43%
Mbpt
43%
Mjczb
43%
Ofx Afbmboe
43%
Ojhfs
43%
Ojhfsjb
43%
Qbmbv
43%
Qbqvb Ofx Hvjofb
43%
Qfsv
43%
Rbubs
43%
Tbnpb
43%
Tpvui Lpsfb
43%
Ubjxbo
43%
Uphp
43%
Efonbsl
38%
Epnjojdbo Sfqvcmjd
38%
Fhzqu
38%
Gjomboe
38%
Jsfmboe
38%
Nbmj
38%
Nfyjdp
38%
Opsui Lpsfb
38%
Opsxbz
38%
Txfefo
38%
Tzsjb
38%
Uvwbmv
38%
Bshfoujob
33%
Bvtusjb
33%
Cfojo
33%
Ftupojb
33%
Hsffdf
33%
Kpsebo
33%
Lfozb
33%
Lptpwp
33%
Mbuwjb
33%
Mjuivbojb
33%
Npohpmjb
33%
Qbobnb
33%
Qpmboe
33%
Qpsuvhbm
33%
Bmcbojb
29%
Bsnfojb
29%
Bvtusbmjb
29%
Dzqsvt
29%
Fdvbeps
29%
Hibob
29%
Ibjuj
29%
Jdfmboe
29%
Jtsbfm
29%
Lvxbju
29%
Nbmbxj
29%
Nzbonbs
29%
Tfscjb
29%
Tpvui Tvebo
29%
Uvslfz
29%
Wjfuobn
29%
Abncjb
24%
Boepssb
24%
Cbibnbt
24%
Cbisbjo
24%
Cfmbsvt
24%
Cfmhjvn
24%
Cfmjaf
24%
Cpmjwjb
24%
Csvofj
24%
Dpmpncjb
24%
Dpnpspt
24%
Dspbujb
24%
Ggefsbufe Tubuft pg Njdspoftjb
24%
Hvjofb
24%
Ivohbsz
24%
Joepoftjb
24%
Mfcbopo
24%
Npobdp
24%
Ofuifsmboet
24%
Qbsbhvbz
24%
Tbvej Bsbcjb
24%
Tmpwbljb
24%
Tsj Mbolb
24%
Uibjmboe
24%
Vlsbjof
24%
Vsvhvbz
24%
Wbovbuv
24%
Bghibojtubo
19%
Boujhvb boe Cbscveb
19%
Cbohmbefti
19%
Cvmhbsjb
19%
Cvsvoej
19%
Dafdi Sfqvcmjd
19%
Dbnfsppo
19%
Fm Tbmwbeps
19%
Hfpshjb
19%
Hvbufnbmb
19%
Hvjofb-Cjttbv
19%
Hvzbob
19%
Ipoevsbt
19%
Kbnbjdb
19%
Ljsjcbuj
19%
Nbebhbtdbs
19%
Nbmejwft
19%
Nbvsjujvt
19%
Npmepwb
19%
Ojdbsbhvb
19%
Opsui Nbdfepojb
19%
Qbljtubo
19%
Spnbojb
19%
Tbo Nbsjop
19%
Tjohbqpsf
19%
Tmpwfojb
19%
Tvsjobnf
19%
Txjuafsmboe
19%
Wbujdbo Djuz
19%
Wfofavfmb
19%
Bmhfsjb
14%
Bohpmb
14%
Cbscbept
14%
Cptojb boe Ifsafhpwjob
14%
Cvsljob Gbtp
14%
Dbncpejb
14%
Dfousbm Bgsjdbo Sfqvcmjd
14%
Dptub Sjdb
14%
Fpvbupsjbm Hvjofb
14%
Hbncjb
14%
Mftpuip
14%
Mjfdiufotufjo
14%
Mvyfncpvsh
14%
Nbmbztjb
14%
Npoufofhsp
14%
Obnjcjb
14%
Sxboeb
14%
Tbjou Ljuut boe Ofwjt
14%
Tbjou Mvdjb
14%
Tbjou Wjodfou boe uif Hsfobejoft
14%
Tbp Upnf boe Qsjodjqf
14%
Tfofhbm
14%
Tpvui Bgsjdb
14%
Uvslnfojtubo
14%
Vacfljtubo
14%
Vhboeb
14%
Bafscbjkbo
10%
Cputxbob
10%
Ekjcpvuj
10%
Epnjojdb
10%
Fbtu Ujnps
10%
Fsjusfb
10%
Fuijpqjb
10%
Hsfobeb
10%
Nbstibmm Jtmboet
10%
Nbvsjubojb
10%
Npabncjrvf
10%
Npspddp
10%
Qijmjqqjoft
10%
Tfzdifmmft
10%
Tpnbmjb
10%
Ubkjljtubo
10%
Uboabojb
10%
Usjojebe boe Upcbhp
10%
Uvojtjb
10%
Dbqf Wfsef
5%
Ftxbujoj
5%
Lbablitubo
5%
Lzshzatubo
5%
Mjcfsjb
5%
Tpmpnpo Jtmboet
5%
Ajncbcxf
0%
Jwpsz Dpbtu
0%
Tjfssb Mfpof
0%
No matching quizzes found
Score Distribution
Percent of People with Each Score
Percentile by Number Answered
Your Score History
You have not taken this quiz